000 00289nam a2200121Ia 4500
008 190216s9999||||xx |||||||||||||| ||und||
100 _aVarghese Chingathu
245 0 _aSidhilagopuram
260 _bC I C C Book House
_c1992
300 _a126p
650 _aMalayalam Nadakam
942 _cBK
999 _c27755
_d27755